000 00738nam a2200265Ia 4500
008 171120s9999 xx 000 0 und d
020 _a9712716562
050 _a70.1
050 _bK368 2005
100 _aKenny, Isabel E.
245 _aMaking documentaries in the Philippines /
245 _cby Isabel E. Kenny.
260 _aPhilippines :
260 _bAnvil,
260 _c2005
300 _a311 pages :
300 _billustrations ;
300 _c24cm.
500 _aIncludes glossary and index.
650 _aDocumentary films --
650 _aDocumentary television programs --
650 _xProduction and direction -- Philippines.
650 _xProduction and direction -- Philippines.
700 _aTitle.
999 _c345265
_d345265